000 01265naa a22003497a 4500
001 BR8101730
003 BR-BrBNA
005 20240918174729.0
007 ta
008 230509b bl.||||| |||| 00| 0 por d
040 _aBR-BrBNA
_bpor
_cBiblioteca Nacional de Agricultura
041 _a(Pt)
072 _aF30
_b0175
_bG514
090 _aF30 BR8101730
100 1 _aNedel, J.L.
100 1 _aBaier, A.C.
100 1 _aLinhares, A.G.
100 1 _aDias, J.C.A.
111 1 _a11. Reuniao Nacional de Pesquisa de Trigo
_cPorto Alegre RS (Brazil)
_d4 AUG 1980
245 1 _aAvaliacao de linhagens de triticale quanto a germinacao na espiga [Brasil]
246 1 _a[Evaluation of triticale strains regarding germination in the spike [Brazil]]
246 1 _a[Seed phytotechuny and technology]
_b[v. 1]
260 3 _aPasso Fundo, RS (Brasil):
_c1980.
500 _aFitotecnia e tecnologia de sementes Passo Fundo, RS (Brasil): 1980. p. 9-13 (BR8101730-AM)F30
650 _aMelhoramento genetico vegetal
650 _aTriticale
650 _aLinhagem
650 _aGerminacao
773 0 _tFitotecnia e tecnologia de sementes
_b
_wF30 BR8101730
_gPasso Fundo, RS (Brasil), 1980. p. 9-13
909 _a202404
_bLucia
_c55
_dLucia Elande
942 _cAM
_2AGRIS
999 _c313191
_d313191